| 000 | 00698cam a2200229 a 4500 | ||
|---|---|---|---|
| 001 | 1182621 | ||
| 005 | 20180314051257.0 | ||
| 008 | 970917s1998 cau 001 0 eng | ||
| 010 | _a 97040705 | ||
| 020 | _a1559349530 | ||
| 040 |
_aDLC _cDLC _dDLC |
||
| 041 | _aeng | ||
| 080 | _a808.0427 | ||
| 082 | 0 | 0 |
_a808.0427 DIE _221 |
| 100 | 1 | _a21 | |
| 101 | _aGJL | ||
| 245 | 1 | 0 |
_aReasoning & writing well : _cBetty M. Dietsch. |
| 246 | 3 | _aReasoning and writing well | |
| 906 |
_a7 _bcbc _corignew _d1 _eocip _f19 _gy-gencatlg |
||
| 942 |
_2ddc _cBK |
||
| 999 |
_c44975 _d44975 |
||